Klasifikácia poľnohospodárskych podnikov v Slovenskej republike podľa metodiky FADN EÚ
Vstup Slovenska do Európskej únie vyžaduje aplikovať jednotné metodické pokyny. Takým je aj klasifikácia podnikov podľa FADN EU (Farm Accountancy Data Nettwork European Union). Klasifikácia slovenských poľnohospodárskych podnikov podľa kritérií: ekonomická veľkosť a typ výrobného zamerania.
Na minha lista:
| Autor principal: | |
|---|---|
| Formato: | Capítulo de Livro |
| Idioma: | eslovaco |
| Assuntos: | |
| Tags: |
Sem tags, seja o primeiro a adicionar uma tag!
|
MARC
| LEADER | 00000naa a2200000 4500 | ||
|---|---|---|---|
| 001 | r038270 | ||
| 005 | 20230922111731.8 | ||
| 041 | 0 | |a slo | |
| 044 | |a CZ | ||
| 245 | 1 | 0 | |a Klasifikácia poľnohospodárskych podnikov v Slovenskej republike podľa metodiky FADN EÚ |c R. Haspra |
| 520 | |a Vstup Slovenska do Európskej únie vyžaduje aplikovať jednotné metodické pokyny. Takým je aj klasifikácia podnikov podľa FADN EU (Farm Accountancy Data Nettwork European Union). Klasifikácia slovenských poľnohospodárskych podnikov podľa kritérií: ekonomická veľkosť a typ výrobného zamerania. | ||
| 610 | 2 | 0 | |a podnik poľnohospodársky |
| 610 | 2 | 0 | |a Slovensko |
| 610 | 2 | 0 | |a klasifikácia |
| 610 | 2 | 0 | |a Európska únia |
| 610 | 2 | 0 | |a metodika |
| 610 | 2 | 0 | |a odvetvia výrobné |
| 610 | 2 | 0 | |a FADN EU |
| 100 | 1 | |a Haspra, Rudolf | |